000 nam a22 7a 4500
999 _c7652
_d7652
008 170923b xxu||||| |||| 00| 0 eng d
100 _94146
_aChauhan.A.
245 _aHome Science-XII
260 _aNew Delhi
_bLakshmi
_c2005